FC Joueurs en J - Statistiques

Statistiques générales
  • Ce quiz a été pris 48 fois
  • Le résultat moyen est 5 sur 11
Statistiques - réponses
Poste Nationalité 2 Clubs phares Joueur % Correct
BU Serbie Réal Madrid/AC Milan Luka Jovic
93%
MCD Italie Chelsea/Arsenal Jorginho
89%
DC Corée du Sud Napoli/Bayern Münich Kim Min-Jae
67%
AD Brésil Juventus/Frosinone Kaio Jorge
47%
G Danemark Villarreal/Chelsea Filip Jörgensen
44%
DCD Brésil Vitoria Guimaraes/AJ Auxerre Jubal
33%
AG Espagne FC Barcelone/Club Brugge Ferran Jutgla
31%
MD Espagne FC Valence/Bétis Séville Joaquin
29%
DCG Brésil Santos/Benfica Jardel
11%
MG Espagne Espanyol Barcelone/FC Séville Joan Jordan
11%
MCG Croatie Parma Calcio/Réal Valladolid Stanko Juric
4%
Aucun quiz correspondant
Distribution des résultats
% des personnes avec chaque résultat
Percentile par nombre de réponses
Votre historique - résultats
Vous n’avez pas pris ce quiz